| 000 | 01027nam a2200253Ii 4500 | ||
|---|---|---|---|
| 008 | 221202s xx 000 0 und d | ||
| 100 | 1 |
_aLangtangen, Hans Petter, _eauthor |
|
| 245 | 0 |
_aFinite Difference Computing with PDEs : _b A Modern Software Approach |
|
| 264 | 1 |
_aCham _bSpringer Nature _c2017 |
|
| 300 | _a1 online resource | ||
| 336 |
_atext _btxt _2rdacontent |
||
| 337 |
_acomputer _bc _2rdamedia |
||
| 338 |
_aonline resource _bcr _2rdacarrier |
||
| 490 | _aTexts in Computational Science and Engineering | ||
| 520 | _afinite difference methods; programming; python; verification; numerical methods; differential equations | ||
| 653 | _aFinite Difference Methods | ||
| 653 | _aNumerical Methods | ||
| 653 | _aProgramming | ||
| 653 | _aPython | ||
| 653 | _aVerification | ||
| 700 | 1 | _aLinge, Svein | |
| 856 | _uhttps://library.oapen.org/bitstream/20.500.12657/27809/1/1002196.pdfhttps://link.springer.com/book/10.1007/978-3-319-55456-3http://library.oapen.org/handle/20.500.12657/27809 | ||
| 942 | _cE-BOOK | ||
| 999 |
_c62571 _d62571 |
||